4 Literature Foursomes II Quiz Stats

 Plays Quiz not verified by Sporcle

Score 0/16 Timer 03:00
0 Plays Today
Hint Answer % Correct
Pevensie Children who
Ruled Narnia
Lucy
68%
Pevensie Children who
Ruled Narnia
Peter
66.5%
Pevensie Children who
Ruled Narnia
Edmund
56.5%
John Updike's
Rabbit Books
Rabbit, Run
54%
Pevensie Children who
Ruled Narnia
Susan
53.7%
Charlotte's Web MessagesSome Pig
42.1%
Nineteen Eighty-Four
Ministries
Truth
34.5%
Nineteen Eighty-Four
Ministries
Peace
32.1%
Hint Answer % Correct
Nineteen Eighty-Four
Ministries
Love
28.5%
John Updike's
Rabbit Books
Rabbit Redux
22.9%
John Updike's
Rabbit Books
Rabbit at Rest
20.2%
John Updike's
Rabbit Books
Rabbit is Rich
16.6%
Charlotte's Web MessagesTerrific
15.4%
Charlotte's Web MessagesRadiant
14.8%
Charlotte's Web MessagesHumble
14.2%
Nineteen Eighty-Four
Ministries
Plenty
13.4%

You're not logged in!

Compare scores with friends on all Sporcle quizzes.
OR
Log In

Show Comments

Extras

Top Quizzes Today


Score Distribution

Your Account Isn't Verified!

In order to create a playlist on Sporcle, you need to verify the email address you used during registration. Go to your Sporcle Settings to finish the process.

Report this User

Report this user for behavior that violates our Community Guidelines.

Details: